(REx: Reincarnated) Every Ore in World 1 - Statistics

General Stats
  • This quiz has been taken 22 times
    21 since last reset
  • The average score is 122 of 232
Answer Stats
Answer % Correct
Chrysoberyl
91%
Diorite
91%
Terratomere
91%
Freon
91%
Gold
91%
Illusory Bubblegram
91%
Inclemetite
91%
Lucidium
91%
Machina
91%
Obsidian
91%
Polarium
91%
Stone
91%
Zanarchium
91%
π
82%
Basalt
82%
Candilium
82%
Chrysalis
82%
Cybernetium
82%
Empress of Light
82%
Exolite
82%
Astatine
82%
Endozivite
82%
Uranium
82%
Granite
82%
Ice
82%
Neptunium
82%
Pastelorium
82%
Prismatistone
82%
Quandrium
82%
Quartz
82%
Reflectistone
82%
Scribbal
82%
Ω
73%
Acceleratium
73%
Aegistone
73%
Albinite
73%
Azuryl
73%
Bedrock
73%
Blazuine
73%
Cryotic
73%
Dynamo of Fate
73%
Eclipsicle
73%
Elbrus' Pride
73%
Elementium
73%
Elysian
73%
Etherstone
73%
Flaeon
73%
Elusium
73%
Spristium
73%
Glacielle
73%
Goldstone
73%
Gradience
73%
Idolium
73%
Inkonium
73%
Intoxium
73%
Iron
73%
Lanthanite
73%
Magma
73%
Mantle
73%
Marble
73%
Monocage
73%
Nocturnite
73%
Nyctophyte
73%
Obsidian Glass
73%
Ophanim
73%
Petrified Wood
73%
Poiseon
73%
Polonium
73%
Scertanium
73%
Spatializine
73%
Speatrium
73%
Tanzanite
73%
Teslarium
73%
Unobtainium
73%
Vaporwave Crystal
73%
Vitrilyx
73%
Voidstone
73%
Zefendium
73%
Altovite
64%
Animyl
64%
Black Diamond
64%
Bulbalescense
64%
Cerlustrium
64%
Chroma Contaris
64%
Cleopatrite
64%
Coal
64%
Crystallized Stone
64%
Dyronsinite
64%
Emerald
64%
Erodimium
64%
Exoretic
64%
Elexinite
64%
Viridian
64%
Gargantium
64%
Hallowed Prism
64%
Jet
64%
Magnetyx
64%
Newtonium
64%
Olivine
64%
Opal
64%
Reflectix
64%
Ruby
64%
Runealith
64%
Sentient Viscera
64%
Snoblintium
64%
Solarite
64%
Temporum
64%
Thundarian
64%
Trinitium
64%
Void Reaver
64%
Vulkavium
64%
Xynarium
64%
Accretium
55%
Aether
55%
Amber
55%
Bismuth
55%
Celestone
55%
Cobalt
55%
Combustal
55%
Copper
55%
Divinessence
55%
Drusentyl
55%
Euclideum
55%
Glitzar
55%
Luminatite
55%
Musereign
55%
Musgravite
55%
Nickel
55%
Obscuralis
55%
Ornalium
55%
Osmium
55%
Oviridis
55%
Painite
55%
Pasivium
55%
Promethium
55%
Rainbonite
55%
Ravenmare
55%
Scarfyte
55%
Viscriol
55%
Adurite
45%
Alternium
45%
Bluesteel
45%
Bonfire
45%
Chromatite
45%
Coldfirium
45%
Eluryan
45%
Emberstyx
45%
Elegascene
45%
Nauticalis
45%
Nuummite
45%
Onyx
45%
Palladium
45%
Penumbrosia
45%
Photoprisma
45%
Prasiloudis
45%
Purpurite
45%
Silver
45%
Suncindium
45%
Vanadinite
45%
Aesthetium
36%
Agate
36%
Antiquite
36%
Formidulus
36%
Incinderium
36%
Lead
36%
Magnesium
36%
Mica
36%
Pyrite
36%
Seraphite
36%
Solid Bromine
36%
Aegirine
27%
Albite
27%
Alexandrite
27%
Antimony
27%
Bloodstone
27%
Charged Barrier
27%
Core Fragment
27%
Delectium
27%
Enstatite
27%
Erythrite
27%
Elvengreen
27%
Eluxant
27%
Zellerite
27%
Lazulite
27%
Orpiment
27%
Phlogopite
27%
Plutonium
27%
Rusticog
27%
Sunstone
27%
Theiograph
27%
Viverra
27%
Actinolite
18%
Afghanite
18%
Ancient Bronze
18%
Carnelian
18%
Chalcedony
18%
Cryoclase
18%
Druzurite
18%
Wavellite
18%
Gypsum
18%
Heliostra
18%
Hemimorphite
18%
Holmium
18%
Howlite
18%
Iolite
18%
Iridium
18%
Lavendulan
18%
Molybdenum
18%
Padparadscha
18%
Patronite
18%
Peridot
18%
Prismatica
18%
Pyromorphite
18%
Quenselite
18%
Rhodonite
18%
Sugilite
18%
Tsavorite
18%
Turquenite
18%
Variscite
18%
Yvonite
18%
Alabaster
9%
Ametrine
9%
Andalusite
9%
Cuspidine
9%
Galvanite
9%
Glaucodot
9%
Manganese
9%
Schizolite
9%
Serandite
9%
Simbercite
9%
Sulfur
9%
Pedalite
0%
No matching quizzes found
Score Distribution
Percent of People with Each Score
Percentile by Number Answered
Your Score History
You have not taken this quiz since the last reset